Southville International School and Colleges
Your cart is empty.
  • Cart
  • Lists
    Public lists Eva Luna New books Lux_list list_1
    Your lists Log in to create your own lists
  • Log in to your account
  • Your cookies
  • Search history
Southville International School and Colleges
  • Advanced search
  • Recent comments
  • Most popular
  • Libraries

Log in to your account

Log in with GOOGLE


If you do not have an external account, but do have a local account, you can still log in:

  1. Home
  2. MARC view: Fitness /
Normal view MARC view ISBD view

Fitness / (Record no. 9165)

[ view plain ]
MARC details
000 -LEADER
fixed length control field 00997cam a22002894a 4500
001 - CONTROL NUMBER
control field 11813859
003 - CONTROL NUMBER IDENTIFIER
control field SISC
005 - DATE AND TIME OF LATEST TRANSACTION
control field 20160215131438.0
008 - FIXED-LENGTH DATA ELEMENTS--GENERAL INFORMATION
fixed length control field 991019s2000 mnua j b 001 0 eng
010 ## - LIBRARY OF CONGRESS CONTROL NUMBER
LC control number 99054593
020 ## - INTERNATIONAL STANDARD BOOK NUMBER
International Standard Book Number 9780736804189
020 ## - INTERNATIONAL STANDARD BOOK NUMBER
International Standard Book Number 0736804382 (series)
040 ## - CATALOGING SOURCE
Original cataloging agency DLC
Transcribing agency DLC
Modifying agency DLC
042 ## - AUTHENTICATION CODE
Authentication code pcc
-- lcac
050 00 - LIBRARY OF CONGRESS CALL NUMBER
Classification number RA 777
Item number .G673 2000
082 00 - DEWEY DECIMAL CLASSIFICATION NUMBER
Classification number HS 613.7
Item number .G78 2000
100 1# - MAIN ENTRY--PERSONAL NAME
Personal name Graves, Bonnie B.
9 (RLIN) 12175
245 10 - TITLE STATEMENT
Title Fitness /
Statement of responsibility, etc Bonnie Graves
260 ## - PUBLICATION, DISTRIBUTION, ETC. (IMPRINT)
Place of publication, distribution, etc Mankato, Minn. :
Name of publisher, distributor, etc LifeMatters,
Date of publication, distribution, etc c2000.
300 ## - PHYSICAL DESCRIPTION
Extent 64 p. :
Other physical details ill. ;
Dimensions 24 cm.
440 #0 - SERIES STATEMENT/ADDED ENTRY--TITLE
Title Perspectives on physical health
9 (RLIN) 12638
650 #0 - SUBJECT ADDED ENTRY--TOPICAL TERM
Topical term or geographic name as entry element Physical fitness
Form subdivision Juvenile literature.
9 (RLIN) 12639
906 ## - LOCAL DATA ELEMENT F, LDF (RLIN)
a 7
b cbc
c orignew
d 1
e ocip
f 19
g y-gencatlg
942 ## - ADDED ENTRY ELEMENTS (KOHA)
Source of classification or shelving scheme Library of Congress Classification
Koha item type Books
Holdings
Withdrawn status Lost status Source of classification or shelving scheme Damaged status Home library Current library Shelving location Date acquired Total Checkouts Full call number Barcode Date last seen Copy number Price effective from Koha item type
    Library of Congress Classification   Luxembourg Library Luxembourg Library High School Section 08/23/2013   RA 777 .G673 2000 17193 08/23/2013 1 08/23/2013 Books

Fitness /

APA

Graves B. B., . (2000). Fitness. Mankato, Minn: LifeMatters.

Chicago

Graves Bonnie B, . 2000. Fitness. Mankato, Minn: LifeMatters.

Harvard

Graves B. B., . (2000). Fitness. Mankato, Minn: LifeMatters.

MLA

Graves Bonnie B, . Fitness. Mankato, Minn: LifeMatters. 2000.

  • Place hold
  • Print
  • Cite
  • Add to your cart (remove)
  • Save record
    BIBTEX Dublin Core MARCXML MARC (non-Unicode/MARC-8) MARC (Unicode/UTF-8) MARC (Unicode/UTF-8, Standard) MODS (XML) RIS
  • More searches
    Search for this title in:
    Other Libraries (WorldCat) Other Databases (Google Scholar) Online Stores (Bookfinder.com) Open Library (openlibrary.org)

Exporting to Dublin Core...

SOUTHVILLE LIBRARY

Southville International School and Colleges Library

1281 Tropical Ave. Cor. Luxembourg St., BF Homes International, Las Pinas City

Tel. No. 8256374 / 252358 Loc. 117/146

Powered by Koha